All 13 Colonies - Statistics

General Stats
  • This quiz has been taken 34 times
  • The average score is 13 of 13
Answers on the Map
Answers color-coded by a green-red scale on the quiz's map according to % correct below.
 
Answer Stats
Answer % Correct
New York
100%
Rhode Island
100%
Virginia
100%
Connecticut
97%
Maryland
97%
Massachusetts
97%
New Hampshire
97%
New Jersey
97%
North Carolina
97%
Pennsylvania
97%
South Carolina
97%
Delaware
94%
Georgia
94%
No matching quizzes found
Score Distribution
Percent of People with Each Score
Percentile by Number Answered
Your Score History
You have not taken this quiz